000 01077nam a2200265Ia 4500
003 OSt
005 20220923211037.0
006 a|||||r|||| 00| 0
007 ta
008 220922b |||||||| |||| 00| 0 hin d
020 _a8172018479 (pb)
024 _a230,730
037 _cTextual
040 _aARTS
_cARTS
_bhin
041 _2hin
_ahin
082 _aQ29M28xL72, 152N9
100 _aटैगोर, सौम्येन्द्रनाथ; वर्मा, शुभा, अनु.
_9157538
245 0 _aराजा राममोहन राय, शुभा वर्मा अन ु
246 _aRājā rāmamohan rāya, shubhā varmā ana0u
260 _aनई दिल्ली
_b साहित्य अकादमी
_c1999
300 _a90पृ.
_ccm.
490 _aभारतीय साहित्य के निर्माता
942 _hQ29M28xL72, 152N9
_cTEXL
_2CC
999 _c294426
_d294426